TV Shows by Car Quiz Stats

Quiz Updated Oct 2, 2013

Challenge
Share
Tweet
Score 0/18 Timer 05:00
1 Play Today
Number TV Show % Correct
4The Simpsons
88%
16The Flintstones
82.9%
2Baywatch
81.3%
5The Dukes of Hazzard
79.5%
9Batman
73.3%
18The A-Team
65.6%
17Knight Rider
65.5%
1Starsky & Hutch
63.5%
6The Partridge Family
47.9%
Number TV Show % Correct
8The Munsters
30.9%
13Magnum, P.I.
25.5%
12Mr. Bean
22.9%
11Arrested Development
21.4%
14LOST
19.2%
7My Name is Earl
16.8%
3That '70s Show
13.2%
10Six Feet Under
12.7%
153rd Rock From the Sun
1.1%

You're not logged in!

Compare scores with friends on all Sporcle quizzes.
Sign Up with Email
OR
Log In

You Might Also Like...

Show Comments

Extras

Top Quizzes Today


Score Distribution

Your Account Isn't Verified!

In order to create a playlist on Sporcle, you need to verify the email address you used during registration. Go to your Sporcle Settings to finish the process.